ENTERPRISE GROWTH STRATEGY VISION PLANNI (Record no. 16837)

MARC details
000 -LEADER
fixed length control field 00349nam a2200133Ia 4500
008 - FIXED-LENGTH DATA ELEMENTS--GENERAL INFORMATION
fixed length control field 240624s9999 xx 000 0 und d
041 ## - LANGUAGE CODE
Language code of text/sound track or separate title eng
082 ## - DEWEY DECIMAL CLASSIFICATION NUMBER
Classification number 658.4012 KUM
100 ## - MAIN ENTRY--PERSONAL NAME
Personal name KUMAR DHIRENDRA
245 ## - TITLE STATEMENT
Title ENTERPRISE GROWTH STRATEGY VISION PLANNI
260 ## - PUBLICATION, DISTRIBUTION, ETC.
Date of publication, distribution, etc. 2010
Place of publication, distribution, etc. England
Name of publisher, distributor, etc. Gower
300 ## - PHYSICAL DESCRIPTION
Extent xx, : 393 : p. : cm. ; 24
365 ## - TRADE PRICE
Currency code BPS
Price amount 27
Holdings
Withdrawn status Lost status Damaged status Not for loan Home library Current library Shelving location Date acquired Source of acquisition Cost, normal purchase price Full call number Barcode Date last seen Copy number Price effective from Koha item type
        IMTN IMTN Rack 28-B 03/28/2011 BWE 65.00 658.4012 KUM 16837 06/24/2024 77.5 06/24/2024 Books
Designed & Maintained by: LRC IMT Nagpur Contact: lrc@imtnag.ac.in© 2024. All Rights Reserved.